000 00426nam a2200157 i 4500
001 82753
003 ES-MaACL
005 20230906174727.0
007 t|
008 041111s1973 sp ||||1| spa d
100 1 _aInsausti, Rafael Angel.
_965340
245 1 0 _aDe pie sobre la sombra /
_cRafael Angel Insausti.
260 _a[Valencia :
_bSoler,
_c1973]
300 _a79 p. ;
_c22 cm.
852 _aES-MaACL
_jC-53931
_bR.86629
999 _c82753
_d82753